LEADER 01187nam--2200385---450- 001 990001380340203316 005 20050928164901.0 010 $a0-19-822269-6 035 $a000138034 035 $aUSA01000138034 035 $a(ALEPH)000138034USA01 035 $a000138034 100 $a20040129d1972----km-y0itay0103----ba 101 $aeng 102 $aGB 105 $a||||||||001yy 200 1 $aBede's ecclesiastical history of the English people$fedited by Bertram Colgrave and R. A. B. Mynors 210 $aOxford$cClarendon$d1972 215 $aLXXVI, 618 p.$d22 cm 225 2 $aOxford medieval texts 410 $12001$aOxford medieval texts 700 0$aBEDA$0157888 702 1$aCOLGRAVE,$bBertram 702 1$aMYNORS,$bR. A. B. 801 0$aIT$bsalbc$gISBD 912 $a990001380340203316 951 $aII.2. 3684(XI B coll.35/3)$b77207 L.M.$cXI B coll. 959 $aBK 969 $aUMA 979 $aSIAV5$b10$c20040129$lUSA01$h1558 979 $aPATRY$b90$c20040406$lUSA01$h1737 979 $aSIAVER$b90$c20040507$lUSA01$h1444 979 $aCOPAT5$b90$c20050928$lUSA01$h1649 996 $aHistoria ecclesiastica gentis Anglorum$919761 997 $aUNISA LEADER 01247nam--2200409---4500 001 990000600580203316 005 20100120104752.0 010 $a88-15-06730-2 035 $a0060058 035 $aUSA010060058 035 $a(ALEPH)000060058USA01 035 $a0060058 100 $a20010830d1998----km-y0ENGy0103----ba 101 $aita 102 $aIT 200 1 $aRidisegnare la mappa dell'Europa$fMichael Emerson$g 210 $aBologna$cIl mulino$dc1998 215 $aIX, 303 p.$d21 c, 225 2 $aIncontri$v15 312 $aRedrawing the map of Europe 410 $12001$aIncontri$v15 454 $12001$aRedrawing the map of Europe$916531 606 $aEuropa$xGoverno$z1989 606 $aEuropa$xPolitica$z1989 676 $a940.559 700 1$aEMERSON,$bMichael$0118072 801 0$aIT$bsalbc$gISBD 912 $a990000600580203316 951 $a327.1 EME 1 (COLL. PON 15)$b20479 G$cCOLL. PON$d00264509 959 $aBK 969 $aGIU 979 $aPATTY$b90$c20010830$lUSA01$h1152 979 $c20020403$lUSA01$h1709 979 $aPATRY$b90$c20040406$lUSA01$h1642 979 $aRSIAV2$b90$c20100120$lUSA01$h1047 996 $aRedrawing the map of Europe$916531 997 $aUNISA